Macroeconomía, comercio y finanzas (Registro nro. 349)
[ vista simple ]
| 000 -LEADER | |
|---|---|
| fixed length control field | 01719 a2200229 4500 |
| 001 - CONTROL NUMBER | |
| control field | 3752 |
| 005 - DATE AND TIME OF LATEST TRANSACTION | |
| control field | 20260407155430.0 |
| 008 - FIXED-LENGTH DATA ELEMENTS--GENERAL INFORMATION | |
| fixed length control field | 260407a2005 arg spa d |
| 003 - CONTROL NUMBER IDENTIFIER | |
| control field | AR-UNSa-BCEJYS |
| 040 ## - CATALOGING SOURCE | |
| Original cataloging agency | AR-UNSa-BCEJYS |
| Language of cataloging | spa |
| Transcribing agency | AR-UNSa-BCEJYS |
| 080 ## - UNIVERSAL DECIMAL CLASSIFICATION NUMBER | |
| Universal Decimal Classification number | 338.2(8) |
| Common auxiliary subdivision | Política económica. Control de la economía. gestión de la economía. planificación económica en América Latina |
| 020 ## - INTERNATIONAL STANDARD BOOK NUMBER | |
| International Standard Book Number | 958-97647-0-3 |
| 100 1# - MAIN ENTRY--PERSONAL NAME | |
| Personal name | Ffrench-Davis Muños, Ricardo |
| 245 10 - TITLE STATEMENT | |
| Title | Macroeconomía, comercio y finanzas |
| Name of part/section of a work | para reformar las reformas en América Latina |
| 250 ## - EDITION STATEMENT | |
| Edition statement | 2a. ed. |
| 264 #1 - PRODUCTION, PUBLICATION, DISTRIBUTION, MANUFACTURE, AND COPYRIGHT NOTICE | |
| Place of production, publication, distribution, manufacture | Santiago de Chile : |
| Name of producer, publisher, distributor, manufacturer | CEPAL (Comisión Económica para América Latina y el Caribe) |
| Date of production, publication, distribution, manufacture, or copyright notice | 2005 |
| 300 ## - PHYSICAL DESCRIPTION | |
| Extent | 224 p. |
| Dimensions | 23 cm. |
| 505 ## - FORMATTED CONTENTS NOTE | |
| Formatted contents note | 1. Introducción - 2. Formación de capital y entorno macroeconómico: bases para un enfoque neoestructuralista - 3. La liberalización comercial y el crecimiento: experiencias recientes en América Latina - 4. La gran crisis de la deuda Latinoamericana: un decenio de ajuste asimétrico - 5. Flujos de capitales y el desarrollo en los años noventa: implicaciones para políticas económicas - 6. Políticas macroeconómicas para el crecimiento - 7. Logros macroeconómicos en la transición democrática en Chile - 8. El comercio intralatinoamericano en los años noventa y su base analítica - 9. El regreso de los capitales privados a América Latina: una recomendación de cautela, en 1992, a los países "exitosos" - 10. El "efecto tequila", sus orígenes y su alcance contagioso |
| 590 ## - LOCAL NOTE (RLIN) | |
| Local note | niveau_biblio:m niveau_hierar:0 |
| 856 41 - ELECTRONIC LOCATION AND ACCESS | |
| Uniform Resource Identifier | <a href="https://biblioeco.unsa.edu.ar/pmb/images/libros/Macroeconom?a, comercio y finanzas-l116198.jpg">https://biblioeco.unsa.edu.ar/pmb/images/libros/Macroeconom?a, comercio y finanzas-l116198.jpg</a> |
| Link text | Imagen de portada |
| Electronic format type | image/jpeg |
| 942 ## - ADDED ENTRY ELEMENTS (KOHA) | |
| Koha item type | |
| Withdrawn status | Lost status | Damaged status | Not for loan | Home library | Current library | Shelving location | Date acquired | Total checkouts | Full call number | Barcode | Date last seen | Price effective from | Koha item type |
|---|---|---|---|---|---|---|---|---|---|---|---|---|---|
| Biblioteca Prof. Eusebio Cleto del Rey | Biblioteca Prof. Eusebio Cleto del Rey | 07/04/2026 | 338.2(8) F437 | L116198 | 07/04/2026 | 07/04/2026 | Libro |